<?xml version="1.0" encoding="UTF-8"?>
<record
    xmlns:xsi="http://www.w3.org/2001/XMLSchema-instance"
    xsi:schemaLocation="http://www.loc.gov/MARC21/slim http://www.loc.gov/standards/marcxml/schema/MARC21slim.xsd"
    xmlns="http://www.loc.gov/MARC21/slim">

  <leader>01336nam a22002657a 4500</leader>
  <controlfield tag="003">DO-SdBNP</controlfield>
  <controlfield tag="005">20240528134336.0</controlfield>
  <controlfield tag="007">ta</controlfield>
  <controlfield tag="008">211115b2018       a|||e |||| 00| 0dspa d</controlfield>
  <datafield tag="020" ind1=" " ind2=" ">
    <subfield code="a">978994580525</subfield>
  </datafield>
  <datafield tag="040" ind1=" " ind2=" ">
    <subfield code="a">DO-SdBNP</subfield>
    <subfield code="b">spa</subfield>
    <subfield code="c">BNPHU</subfield>
  </datafield>
  <datafield tag="082" ind1=" " ind2="4">
    <subfield code="a">340.54  </subfield>
    <subfield code="b">T683m</subfield>
    <subfield code="2">22</subfield>
  </datafield>
  <datafield tag="100" ind1="1" ind2="0">
    <subfield code="a">Toribio Ventura, Martha</subfield>
    <subfield code="9">80633</subfield>
  </datafield>
  <datafield tag="245" ind1="1" ind2="0">
    <subfield code="a">Manual de derecho romano /</subfield>
    <subfield code="c">Martha Toribio Ventura ; editor,  Lennys Tejada Betancourt </subfield>
  </datafield>
  <datafield tag="300" ind1=" " ind2=" ">
    <subfield code="a">305 p. : </subfield>
    <subfield code="b">il.; </subfield>
    <subfield code="c">27 cm</subfield>
  </datafield>
  <datafield tag="490" ind1="0" ind2=" ">
    <subfield code="a">Autoaprendizaje ;</subfield>
    <subfield code="v">9</subfield>
  </datafield>
  <datafield tag="500" ind1=" " ind2=" ">
    <subfield code="a">Incluye bibliograf&#xED;a al final de los cap&#xED;tulos </subfield>
  </datafield>
  <datafield tag="504" ind1=" " ind2=" ">
    <subfield code="a">Bibliograf&#xED;a: p.  319-320</subfield>
  </datafield>
  <datafield tag="505" ind1=" " ind2=" ">
    <subfield code="a">Unidad I. Derecho Romano</subfield>
    <subfield code="t">Unidad II. Estructura constitucional de Roma.</subfield>
    <subfield code="t">Unidad III. Evoluci&#xF3;n hist&#xF3;rica del Derecho Romano y sus fuentes.</subfield>
    <subfield code="t">Unidad IV. Derecho de las personas en Roma.</subfield>
    <subfield code="t">Unidad V. Derecho de la familia en el Derecho Romano.</subfield>
    <subfield code="t">Unidad VI. Las cosas y los derechos reales en Roma.</subfield>
    <subfield code="t">Unidad VII. Las obligaciones y los contratos en Roma.</subfield>
    <subfield code="t">Unidad VIII. Derecho  de las sucesiones en Roma.</subfield>
    <subfield code="t">Unidad IX. La acci&#xF3;n en justicia y el Derecho Procesal Penal. </subfield>
    <subfield code="t">Bibliograf&#xED;a general --</subfield>
  </datafield>
  <datafield tag="590" ind1=" " ind2=" ">
    <subfield code="a">Inventariado, 2021 / SA</subfield>
  </datafield>
  <datafield tag="650" ind1=" " ind2="0">
    <subfield code="a">Derecho romano</subfield>
    <subfield code="9">1818</subfield>
  </datafield>
  <datafield tag="700" ind1="1" ind2=" ">
    <subfield code="a">Tejada Betancourt, Lennys</subfield>
    <subfield code="e">editor </subfield>
    <subfield code="9">79591</subfield>
  </datafield>
  <datafield tag="910" ind1=" " ind2=" ">
    <subfield code="a">Saquino/Validado. Control de calidad MFF</subfield>
  </datafield>
  <datafield tag="942" ind1=" " ind2=" ">
    <subfield code="2">ddc</subfield>
    <subfield code="c">LBS1</subfield>
  </datafield>
  <datafield tag="952" ind1=" " ind2=" ">
    <subfield code="0">0</subfield>
    <subfield code="1">0</subfield>
    <subfield code="2">ddc</subfield>
    <subfield code="5">1</subfield>
    <subfield code="7">0</subfield>
    <subfield code="8">PD</subfield>
    <subfield code="a">BNPHU</subfield>
    <subfield code="b">BNPHU</subfield>
    <subfield code="c">HD</subfield>
    <subfield code="d">2019-03-21</subfield>
    <subfield code="e">Donado</subfield>
    <subfield code="o">BNPHU PD 340.54 T683m</subfield>
    <subfield code="p">2021-28125</subfield>
    <subfield code="r">2021-11-15</subfield>
    <subfield code="w">2021-11-15</subfield>
    <subfield code="y">LBS1</subfield>
  </datafield>
  <datafield tag="952" ind1=" " ind2=" ">
    <subfield code="0">0</subfield>
    <subfield code="1">0</subfield>
    <subfield code="2">ddc</subfield>
    <subfield code="5">1</subfield>
    <subfield code="7">0</subfield>
    <subfield code="8">PD</subfield>
    <subfield code="a">BNPHU</subfield>
    <subfield code="b">BNPHU</subfield>
    <subfield code="c">HD</subfield>
    <subfield code="d">2019-03-21</subfield>
    <subfield code="e">Donado</subfield>
    <subfield code="o">BNPHU PD 340.54   T683m</subfield>
    <subfield code="p">2021-28126</subfield>
    <subfield code="r">2021-11-15</subfield>
    <subfield code="t">e.2</subfield>
    <subfield code="w">2021-11-15</subfield>
    <subfield code="y">LBS1</subfield>
  </datafield>
  <datafield tag="952" ind1=" " ind2=" ">
    <subfield code="0">0</subfield>
    <subfield code="1">0</subfield>
    <subfield code="2">ddc</subfield>
    <subfield code="5">6</subfield>
    <subfield code="7">0</subfield>
    <subfield code="8">DS</subfield>
    <subfield code="a">BNPHU</subfield>
    <subfield code="b">BNPHU</subfield>
    <subfield code="c">HD</subfield>
    <subfield code="d">2019-03-21</subfield>
    <subfield code="e">Donado</subfield>
    <subfield code="o">BNPHU DS 340.54 T683m</subfield>
    <subfield code="p">2021-28127</subfield>
    <subfield code="r">2021-11-15</subfield>
    <subfield code="t">e.3</subfield>
    <subfield code="w">2021-11-15</subfield>
    <subfield code="y">LBS1</subfield>
  </datafield>
  <datafield tag="999" ind1=" " ind2=" ">
    <subfield code="c">50967</subfield>
    <subfield code="d">50967</subfield>
  </datafield>
</record>
